<?xml version="1.0" encoding="UTF-8"?>
<collection xmlns="http://www.loc.gov/MARC21/slim">
<record>
  <controlfield tag="001">170499</controlfield>
  <controlfield tag="005">20260429150227.0</controlfield>
  <datafield tag="037" ind1=" " ind2=" ">
    <subfield code="a">TAZ-TFM-2026-195</subfield>
  </datafield>
  <datafield tag="041" ind1=" " ind2=" ">
    <subfield code="a">spa</subfield>
  </datafield>
  <datafield tag="100" ind1="1" ind2=" ">
    <subfield code="a">Oliva Palomo, Raúl</subfield>
  </datafield>
  <datafield tag="242" ind1="0" ind2="0">
    <subfield code="a">Aromatic potential evaluation of various apple varieties through the sensory-chemical study of their precursors</subfield>
  </datafield>
  <datafield tag="245" ind1="0" ind2="0">
    <subfield code="a">Evaluación del potencial aromático de diversas variedades de manzana mediante el estudio sensoquímico de sus precursores</subfield>
  </datafield>
  <datafield tag="260" ind1=" " ind2=" ">
    <subfield code="a">Zaragoza</subfield>
    <subfield code="b">Universidad de Zaragoza</subfield>
    <subfield code="c">2026</subfield>
  </datafield>
  <datafield tag="506" ind1=" " ind2=" ">
    <subfield code="a">by-nc-sa</subfield>
    <subfield code="b">Creative Commons</subfield>
    <subfield code="c">3.0</subfield>
    <subfield code="u">http://creativecommons.org/licenses/by-nc-sa/3.0/</subfield>
  </datafield>
  <datafield tag="520" ind1=" " ind2=" ">
    <subfield code="a">La pulpa de manzana es uno de los principales subproductos de la industria de zumos y sidras. &lt;br />Su generación en grandes volúmenes representa un desafío logístico, económico y ambiental &lt;br />significativo que, sin embargo, posee un valor infrautilizado: su contenido en precursores de &lt;br />aroma. &lt;br />El presente estudio tiene como objetivo central evaluar la relevancia sensorial de los &lt;br />precursores de aroma en diversas variedades de manzana y caracterizar cuantitativamente los &lt;br />compuestos odorantes liberados mediante hidrólisis. Para ello, se ha separado y macerado la &lt;br />pulpa de 24 cultivares de manzana diferentes para obtener un extracto que ha sido sometido a &lt;br />hidrólisis mediante incubación en anoxia a 75ºC. Se han evaluado los hidrolizados &lt;br />sensorialmente en términos de aroma ortonasal con el fin de obtener una evaluación preliminar &lt;br />de la potencia y diversidad del aroma. Además, se han analizado los odorantes relevantes &lt;br />obtenidos tras la hidrólisis utilizando extracción en fase sólida (SPE) y cromatografía de gases &lt;br />acoplada a espectrometría de masas (GC-MS). &lt;br />Este enfoque resulta altamente innovador al analizar el potencial aromático latente de &lt;br />variedades específicas para la elaboración de sidra. La identificación de estos precursores &lt;br />inodoros no solo ofrece una ventaja competitiva para el sector agroindustrial, permitiendo la &lt;br />creación de productos de alto valor añadido, sino que también proporciona una salida sostenible &lt;br />y circular para un residuo industrial.&lt;br />&lt;br /></subfield>
  </datafield>
  <datafield tag="521" ind1=" " ind2=" ">
    <subfield code="a">Máster Universitario en Calidad, Seguridad y Tecnología de los Alimentos</subfield>
  </datafield>
  <datafield tag="540" ind1=" " ind2=" ">
    <subfield code="a">Derechos regulados por licencia Creative Commons</subfield>
  </datafield>
  <datafield tag="856" ind1="0" ind2=" ">
    <subfield code="f">756356@unizar.es</subfield>
  </datafield>
  <datafield tag="856" ind1="4" ind2=" ">
    <subfield code="s">1855607</subfield>
    <subfield code="u">http://zaguan.unizar.es/record/170499/files/TAZ-TFM-2026-195.pdf</subfield>
    <subfield code="y">Memoria (spa)</subfield>
  </datafield>
  <datafield tag="909" ind1="C" ind2="O">
    <subfield code="o">oai:zaguan.unizar.es:170499</subfield>
    <subfield code="p">driver</subfield>
    <subfield code="p">trabajos-fin-master</subfield>
  </datafield>
  <datafield tag="950" ind1=" " ind2=" ">
    <subfield code="a"></subfield>
  </datafield>
  <datafield tag="691" ind1=" " ind2=" ">
    <subfield code="a">13</subfield>
  </datafield>
  <datafield tag="692" ind1=" " ind2=" ">
    <subfield code="a">Los resultados de este estudio dan un valor añadido a un residuo, como es la pulpa de manzana, para su uso en el sector agroalimentario.</subfield>
  </datafield>
  <datafield tag="700" ind1=" " ind2=" ">
    <subfield code="a">de la Fuente Blanco, Arancha</subfield>
    <subfield code="e">dir.</subfield>
  </datafield>
  <datafield tag="700" ind1=" " ind2=" ">
    <subfield code="a">Bueno Fernández, Mónica</subfield>
    <subfield code="e">dir.</subfield>
  </datafield>
  <datafield tag="710" ind1="2" ind2=" ">
    <subfield code="a">Universidad de Zaragoza</subfield>
    <subfield code="b"> </subfield>
    <subfield code="c"></subfield>
  </datafield>
  <datafield tag="980" ind1=" " ind2=" ">
    <subfield code="a">TAZ</subfield>
    <subfield code="b">TFM</subfield>
    <subfield code="c">VET</subfield>
  </datafield>
  <datafield tag="999" ind1=" " ind2=" ">
    <subfield code="a">20260206134737.CREATION_DATE</subfield>
  </datafield>
  <datafield tag="951" ind1=" " ind2=" ">
    <subfield code="a">deposita:2026-04-29</subfield>
  </datafield>
</record>
</collection>